000 00332cas2a220012100 4500
001 zam00005871
008 951212n xx eng u
022 _a0065-1915
035 _a(Sirsi) r23040
260 _aAdelaide :
_bAdelaide Law Review Association.
650 _aLaw.
_6S3984.1
949 _aK1
_wlcc
_i-22331
_mMAIN
_p000
_serial
999 _c181666
_d181666